Gravity, black holes and the very early universe (Record no. 17011)

MARC details
000 -LEADER
fixed length control field 00620nam a2200193Ia 4500
003 - CONTROL NUMBER IDENTIFIER
control field IN-BaIIA
008 - FIXED-LENGTH DATA ELEMENTS--GENERAL INFORMATION
fixed length control field 211028s9999 xx 000 0 eng d
020 ## - INTERNATIONAL STANDARD BOOK NUMBER
International Standard Book Number 978-0-387-73629-7
040 ## - CATALOGING SOURCE
Transcribing agency IIA Library
080 ## - UNIVERSAL DECIMAL CLASSIFICATION NUMBER
Universal Decimal Classification number 524.834
Item number CHO
100 ## - MAIN ENTRY--PERSONAL NAME
Personal name Chow, Tai L.
9 (RLIN) 24263
245 #0 - TITLE STATEMENT
Title Gravity, black holes and the very early universe
Remainder of title an introduction to general relativity and cosmology
Statement of responsibility, etc. Tai L. Chow
260 ## - PUBLICATION, DISTRIBUTION, ETC.
Place of publication, distribution, etc. New York
Name of publisher, distributor, etc. Springer
Date of publication, distribution, etc. 2008
300 ## - PHYSICAL DESCRIPTION
Extent xv, 280p.
650 ## - SUBJECT ADDED ENTRY--TOPICAL TERM
Topical term or geographic name entry element Cosmology
650 ## - SUBJECT ADDED ENTRY--TOPICAL TERM
Topical term or geographic name entry element General relativity
9 (RLIN) 3824
650 ## - SUBJECT ADDED ENTRY--TOPICAL TERM
Topical term or geographic name entry element Universe
9 (RLIN) 1987
942 ## - ADDED ENTRY ELEMENTS (KOHA)
Koha item type Books
Holdings
Withdrawn status Lost status Damaged status Not for loan Home library Current library Shelving location Date acquired Source of acquisition Cost, normal purchase price Total Checkouts Full call number Barcode Date last seen Cost, replacement price Price effective from Koha item type Purchase Price
        IIA Library-Bangalore IIA Library-Bangalore General Stacks 19/08/2008 BB 4758.00   524.834/ CHO 17933 05/11/2021 4758.00 19/08/2008 Books Rs. 4758.00

Powered by Koha